Komparácia výkonnosti podielových a dôchodkových fondov bakalárska práca

Salvato in:
Dettagli Bibliografici
Autore principale: Šiška, Tomáš
Ente Autore: Národohospodárska fakulta EU. Katedra bankovníctva a medzinárodných financií
Altri autori: Árendáš, Peter, 1986-
Natura: Libro
Lingua:slovacco
Pubblicazione: Bratislava 2013
Tags: Aggiungi Tag
Nessun Tag, puoi essere il primo ad aggiungerne!!

MARC

LEADER 00000nbm a2200000 4500
001 0172515
005 20161109112057.8
041 0 |a slo 
044 |a SK 
245 1 0 |a Komparácia výkonnosti podielových a dôchodkových fondov  |b bakalárska práca  |c Tomáš Šiška ; školiteľ: Peter Árendáš 
264 1 |a Bratislava  |c 2013 
300 |a 40 s. 
100 1 |a Šiška, Tomáš 
700 1 |a Árendáš, Peter, 1986- 
710 2 |a Národohospodárska fakulta EU. Katedra bankovníctva a medzinárodných financií